[Event "Tata Steel Masters"]
[Date "2026.01.31"]
[White "Fedoseev, Vladimir"]
[Black "Aravindh, Chithambaram VR."]
[WhiteElo "2705"]
[BlackElo "2700"]
[Round "13.13.1"]
[Result "1-0"]

d4 {[%clk 01:59:47] [%emt 00:00:12]} d5 {[%clk 01:58:45] [%emt 00:01:14]} c4
{[%clk 01:59:37] [%emt 00:00:10]} e6 {[%clk 01:58:36] [%emt 00:00:09]} Nc3
{[%clk 01:59:29] [%emt 00:00:08]} Be7 {[%clk 01:58:23] [%emt 00:00:13]} Bf4
{[%clk 01:58:13] [%emt 00:01:16]} Nf6 {[%clk 01:57:52] [%emt 00:00:30]} e3
{[%clk 01:57:52] [%emt 00:00:22]} O-O {[%clk 01:57:39] [%emt 00:00:13]} a3
{[%clk 01:54:18] [%emt 00:03:34]} c5 {[%clk 01:55:34] [%emt 00:02:05]} dxc5
{[%clk 01:53:47] [%emt 00:00:31]} dxc4 {[%clk 01:53:41] [%emt 00:01:53]} Bxc4
{[%clk 01:53:27] [%emt 00:00:20]} Bxc5 {[%clk 01:53:05] [%emt 00:00:36]} Nf3
{[%clk 01:51:54] [%emt 00:01:33]} a6 {[%clk 01:46:34] [%emt 00:06:31]} Qc2
{[%clk 01:44:20] [%emt 00:07:33]} Nbd7 {[%clk 01:40:33] [%emt 00:06:00]} Bd3
{[%clk 01:37:41] [%emt 00:06:40]} b6 {[%clk 01:29:11] [%emt 00:11:22]} Rd1
{[%clk 01:27:13] [%emt 00:10:28]} Bb7 {[%clk 01:28:59] [%emt 00:00:12]} Ne5
{[%clk 01:26:55] [%emt 00:00:18]} h6 {[%clk 01:28:47] [%emt 00:00:12]} Bh7+
{[%clk 01:20:01] [%emt 00:06:55]} Kh8 {[%clk 01:28:31] [%emt 00:00:16]} O-O
{[%clk 01:13:29] [%emt 00:06:32]} Qc8 {[%clk 01:25:51] [%emt 00:02:41]} Nxd7
{[%clk 01:12:51] [%emt 00:00:37]} Nxd7 {[%clk 01:25:28] [%emt 00:00:22]} Bd3
{[%clk 01:10:28] [%emt 00:02:24]} Be7 {[%clk 01:11:57] [%emt 00:13:31]} Qe2
{[%clk 01:09:15] [%emt 00:01:14]} f5 {[%clk 00:58:34] [%emt 00:13:23]} Rc1
{[%clk 01:03:35] [%emt 00:05:40]} Nc5 {[%clk 00:55:29] [%emt 00:03:05]} Bb1
{[%clk 00:59:29] [%emt 00:04:06]} Bf6 {[%clk 00:53:49] [%emt 00:01:39]} f3
{[%emt 00:07:07]} Qc6 {[%clk 00:30:50] [%emt 00:20:55]} Bg3 {[%clk 00:46:27]
[%emt 00:07:59]} Rad8 {[%clk 00:26:03] [%emt 00:04:47]} Rc2 {[%clk 00:43:49]
[%emt 00:02:37]} Qd7 {[%clk 00:25:58] [%emt 00:00:05]} Ba2 {[%clk 00:40:52]
[%emt 00:02:58]} Nd3 {[%clk 00:19:51] [%emt 00:06:07]} Kh1 {[%clk 00:37:41]
[%emt 00:03:10]} Bc6 {[%clk 00:11:35] [%emt 00:08:17]} Rd2 {[%clk 00:34:30]
[%emt 00:03:11]} Nf4 {[%clk 00:09:05] [%emt 00:02:30]} Rxd7 {[%clk 00:34:05]
[%emt 00:00:25]} Nxe2 {[%clk 00:09:00] [%emt 00:00:05]} Rxd8 {[%clk 00:30:39]
[%emt 00:03:26]} Nxg3+ {[%clk 00:08:57] [%emt 00:00:03]} hxg3 {[%clk 00:30:33]
[%emt 00:00:07]} Rxd8 {[%clk 00:08:52] [%emt 00:00:04]} Bxe6 {[%clk 00:30:27]
[%emt 00:00:06]} g6 {[%clk 00:08:22] [%emt 00:00:31]} Rc1 {[%clk 00:24:19] [%emt
00:06:08]} Rd6 {[%clk 00:05:12] [%emt 00:03:11]} Bc8 {[%clk 00:22:06] [%emt
00:02:13]} a5 {[%clk 00:04:18] [%emt 00:00:54]} Ba6 {[%clk 00:20:39] [%emt
00:01:27]} Bg5 {[%clk 00:03:01] [%emt 00:01:17]} Re1 {[%clk 00:16:56] [%emt
00:03:42]} Rd2 {[%clk 00:02:28] [%emt 00:00:33]} e4 {[%clk 00:16:36] [%emt
00:00:20]} Rxb2 {[%clk 00:01:57] [%emt 00:00:31]} exf5 {[%clk 00:16:31] [%emt
00:00:05]} Bd2 {[%clk 00:01:16] [%emt 00:00:41]} Re6 {[%clk 00:14:22] [%emt
00:02:09]} Bd7 {[%clk 00:01:15] [%emt 00:00:01]} Rd6 {[%clk 00:13:48] [%emt
00:00:33]} Bxf5 {[%clk 00:01:12] [%emt 00:00:03]} Nd1 {[%clk 00:13:37] [%emt
00:00:11]} Rc2 {[%clk 00:00:06] [%emt 00:01:07]} g4 {[%clk 00:43:54] [%emt
00:00:13]} Bxg4 {[%clk 00:30:32] [%emt 00:00:04]} fxg4 {[%clk 00:44:17] [%emt
00:00:06]} Bf4 {[%clk 00:29:20] [%emt 00:01:42]} Rd3 {[%clk 00:36:44] [%emt
00:08:03]} Kg7 {[%clk 00:29:15] [%emt 00:00:35]} Bb5 {[%clk 00:36:16] [%emt
00:00:58]} Kf6 {[%clk 00:29:12] [%emt 00:00:34]} g3 {[%clk 00:36:10] [%emt
00:00:36]} Bb8 {[%clk 00:27:03] [%emt 00:02:38]} a4 {[%clk 00:35:25] [%emt
00:01:15]} Kg5 {[%clk 00:27:07] [%emt 00:00:26]} Ne3 {[%clk 00:34:49] [%emt
00:01:06]} Ra2 {[%clk 00:27:32] [%emt 00:00:04]} Rd5+ {[%clk 00:34:40] [%emt
00:00:39]} Kf6 {[%clk 00:27:55] [%emt 00:00:06]} g5+ {[%clk 00:34:26] [%emt
00:00:45]} hxg5 {[%clk 00:28:18] [%emt 00:00:07]} Ng4+ {[%clk 00:34:52] [%emt
00:00:05]} Ke6 {[%clk 00:28:39] [%emt 00:00:08]} Rxg5 {[%clk 00:34:06] [%emt
00:01:16]} Ra3 {[%clk 00:28:57] [%emt 00:00:12]} Rxg6+ {[%clk 00:34:09] [%emt
00:00:27]} Kf5 {[%clk 00:29:21] [%emt 00:00:06]} Rxb6 {[%clk 00:34:19] [%emt
00:00:20]} Bxg3 {[%clk 00:28:43] [%emt 00:01:07]} Bd7+ {[%clk 00:34:33] [%emt
00:00:17]} Kf4 {[%clk 00:29:07] [%emt 00:00:05]} Rf6+ {[%clk 00:31:25] [%emt
00:03:39]} Kg5 {[%clk 00:29:10] [%emt 00:00:27]} Rf7 {[%clk 00:31:38] [%emt
00:00:17]} Ra2 {[%clk 00:28:19] [%emt 00:01:22]} Ne3 {[%clk 00:31:32] [%emt
00:00:36]} Bb8 {[%clk 00:27:40] [%emt 00:01:09]} Rf5+ {[%clk 00:31:28] [%emt
00:00:33]} Kh4 {[%clk 00:28:05] [%emt 00:00:05]} Rxa5 {[%clk 00:30:39] [%emt
00:01:20]} Kg3 {[%clk 00:27:21] [%emt 00:01:14]} Nf1+ {[%clk 00:30:34] [%emt
00:00:35]} Kf3 {[%clk 00:27:46] [%emt 00:00:05]} Rf5+ {[%clk 00:30:55] [%emt
00:00:10]} Bf4 {[%clk 00:28:11] [%emt 00:00:04]} Bc6+ {[%clk 00:30:58] [%emt
00:00:27]} Kg4 {[%clk 00:28:35] [%emt 00:00:06]} Rc5 {[%clk 00:30:59] [%emt
00:00:29]} Ra1 {[%clk 00:27:54] [%emt 00:01:12]} Bb5 {[%clk 00:31:01] [%emt
00:00:29]} Kf3 {[%clk 00:28:13] [%emt 00:00:11]} Rc3+ {[%clk 00:31:23] [%emt
00:00:07]} Kf2 {[%clk 00:28:33] [%emt 00:00:10]} Rc2+ {[%clk 00:31:51] [%emt
00:00:03]}

[Site "Europe Echecs"]

[Event "Tata Steel Masters"]
[Date "2026.01.31"]
[White "Bluebaum, Matthias"]
[Black "Erdogmus, Yagiz Kaan"]
[WhiteElo "2679"]
[BlackElo "2658"]
[Round "13.13.2"]
[Result "1/2-1/2"]

d4 {[%clk 01:59:57] [%emt 00:00:02]} d5 {[%clk 01:59:59] [%emt 00:00:02]} c4
{[%clk 01:59:50] [%emt 00:00:07]} e6 {[%clk 01:59:55] [%emt 00:00:04]} Nc3
{[%clk 01:59:46] [%emt 00:00:04]} c6 {[%clk 01:59:51] [%emt 00:00:04]} e3 {[%clk
01:59:22] [%emt 00:00:23]} Nf6 {[%clk 01:59:42] [%emt 00:00:09]} Nf3 {[%clk
01:59:12] [%emt 00:00:09]} Nbd7 {[%clk 01:59:30] [%emt 00:00:12]} Qc2 {[%clk
01:58:39] [%emt 00:00:33]} Bd6 {[%clk 01:58:36] [%emt 00:00:54]} Bd3 {[%clk
01:58:08] [%emt 00:00:30]} O-O {[%clk 01:56:00] [%emt 00:02:37]} O-O {[%clk
01:57:43] [%emt 00:00:25]} e5 {[%clk 01:48:59] [%emt 00:07:02]} cxd5 {[%clk
01:56:26] [%emt 00:01:16]} cxd5 {[%clk 01:48:54] [%emt 00:00:06]} Nb5 {[%clk
01:54:29] [%emt 00:01:57]} Bb8 {[%clk 01:48:35] [%emt 00:00:19]} dxe5 {[%clk
01:54:20] [%emt 00:00:09]} Nxe5 {[%clk 01:48:30] [%emt 00:00:05]} Nxe5 {[%clk
01:54:13] [%emt 00:00:08]} Bxe5 {[%clk 01:48:25] [%emt 00:00:04]} Bd2 {[%clk
01:54:08] [%emt 00:00:06]} a6 {[%clk 01:30:13] [%emt 00:18:12]} Bc3 {[%clk
01:54:00] [%emt 00:00:07]} Bxc3 {[%clk 01:27:44] [%emt 00:02:30]} Nxc3 {[%clk
01:53:51] [%emt 00:00:09]} d4 {[%clk 01:27:36] [%emt 00:00:09]} Ne4 {[%clk
01:53:47] [%emt 00:00:04]} h6 {[%clk 01:05:27] [%emt 00:22:09]} Rad1 {[%clk
01:51:40] [%emt 00:02:07]} dxe3 {[%clk 00:57:23] [%emt 00:08:05]} Bc4 {[%clk
01:51:29] [%emt 00:00:11]} Qe7 {[%clk 00:50:29] [%emt 00:06:54]} Nxf6+ {[%clk
01:51:17] [%emt 00:00:11]} Qxf6 {[%clk 00:50:24] [%emt 00:00:05]} fxe3 {[%clk
01:51:14] [%emt 00:00:03]} Qe7 {[%clk 00:40:56] [%emt 00:09:28]} Rxf7 {[%clk
01:50:43] [%emt 00:00:31]} Rxf7 {[%clk 00:40:51] [%emt 00:00:05]} Qg6 {[%clk
01:50:37] [%emt 00:00:06]} Bg4 {[%emt 00:20:43]} Rf1 {[%clk 01:32:54] [%emt
00:06:41]} Raf8 {[%emt 00:02:34]} Bxf7+ {[%clk 01:31:01] [%emt 00:01:19]} Rxf7
{[%clk 00:29:06] [%emt 00:00:06]} Rxf7 {[%clk 01:30:57] [%emt 00:00:03]} Qxf7
{[%clk 00:29:02] [%emt 00:00:04]} Qxg4 {[%clk 01:30:53] [%emt 00:00:04]} Qxa2
{[%clk 00:28:58] [%emt 00:00:04]} Qc8+ {[%clk 01:30:49] [%emt 00:00:04]} Kh7
{[%clk 00:28:56] [%emt 00:00:03]} Qxb7 {[%clk 01:30:07] [%emt 00:00:41]} Qb1+
{[%clk 00:28:53] [%emt 00:00:02]} Kf2 {[%clk 01:30:01] [%emt 00:00:06]} Qc2+
{[%clk 00:28:51] [%emt 00:00:02]} Kg3 {[%clk 01:28:51] [%emt 00:01:09]} Qg6+
{[%clk 00:28:47] [%emt 00:00:04]} Kf4 {[%clk 01:28:05] [%emt 00:00:46]} Qg5+
{[%clk 00:28:44] [%emt 00:00:03]} Kf3 {[%clk 01:28:00] [%emt 00:00:05]} Qf5+
{[%clk 00:28:42] [%emt 00:00:01]} Kg3 {[%clk 01:27:43] [%emt 00:00:18]} Qg6+
{[%clk 00:28:39] [%emt 00:00:04]} Kf2 {[%clk 01:27:25] [%emt 00:00:17]} Qc2+
{[%clk 00:28:34] [%emt 00:00:05]} Kg3 {[%clk 01:27:12] [%emt 00:00:13]} Qg6+
{[%clk 00:28:30] [%emt 00:00:04]} Kf2 {[%clk 01:27:00] [%emt 00:00:12]} Qc2+
{[%clk 00:28:28] [%emt 00:00:03]} Kg3 {[%clk 01:26:56] [%emt 00:00:04]}

[Site "Europe Echecs"]

[Event "Tata Steel Masters"]
[Date "2026.01.31"]
[White "Praggnanandhaa R"]
[Black "Van Foreest, Jorden"]
[WhiteElo "2758"]
[BlackElo "2703"]
[Round "13.13.3"]
[Result "1/2-1/2"]

d4 {[%clk 01:59:04] [%emt 00:00:55]} d5 {[%clk 01:59:51] [%emt 00:00:09]} Nf3
{[%clk 01:58:49] [%emt 00:00:15]} Nf6 {[%clk 01:59:37] [%emt 00:00:14]} c4
{[%clk 01:58:35] [%emt 00:00:15]} c6 {[%clk 01:59:31] [%emt 00:00:06]} Nc3
{[%clk 01:58:17] [%emt 00:00:17]} a6 {[%clk 01:59:13] [%emt 00:00:18]} c5 {[%clk
01:55:58] [%emt 00:02:20]} Bf5 {[%clk 01:56:22] [%emt 00:02:50]} Nh4 {[%clk
01:49:31] [%emt 00:06:28]} Bc8 {[%clk 01:54:53] [%emt 00:01:28]} Nf3 {[%clk
01:47:03] [%emt 00:02:28]} Bf5 {[%clk 01:54:41] [%emt 00:00:11]} Nh4 {[%clk
01:41:05] [%emt 00:05:59]} Bc8 {[%clk 01:54:03] [%emt 00:00:38]} Bf4 {[%clk
01:39:43] [%emt 00:01:23]} Nh5 {[%clk 01:45:59] [%emt 00:08:03]} Bxb8 {[%clk
01:18:32] [%emt 00:21:12]} Rxb8 {[%clk 01:45:45] [%emt 00:00:13]} e3 {[%clk
01:17:53] [%emt 00:00:38]} g6 {[%clk 01:44:00] [%emt 00:01:45]} Nf3 {[%clk
01:16:24] [%emt 00:01:29]} Bg7 {[%clk 01:43:16] [%emt 00:00:43]} Be2 {[%clk
01:09:14] [%emt 00:07:11]} O-O {[%clk 01:34:55] [%emt 00:08:21]} O-O {[%clk
01:01:28] [%emt 00:07:46]} Bg4 {[%clk 01:30:59] [%emt 00:03:56]} Ne5 {[%clk
00:56:21] [%emt 00:05:07]} Bxe2 {[%clk 01:29:50] [%emt 00:01:09]} Nxe2 {[%clk
00:56:10] [%emt 00:00:11]} Bxe5 {[%clk 01:25:37] [%emt 00:04:13]} dxe5 {[%clk
00:56:00] [%emt 00:00:11]} Qc7 {[%clk 01:24:55] [%emt 00:00:41]} f4 {[%clk
00:49:30] [%emt 00:06:31]} f6 {[%clk 01:22:41] [%emt 00:02:14]} Qd4 {[%clk
00:45:29] [%emt 00:04:00]} Ng7 {[%clk 01:20:48] [%emt 00:01:53]} Qc3 {[%clk
00:45:22] [%emt 00:00:08]} fxe5 {[%clk 01:11:17] [%emt 00:09:31]} fxe5 {[%clk
00:44:13] [%emt 00:01:09]} Ne6 {[%clk 01:11:07] [%emt 00:00:11]} b4 {[%clk
00:37:29] [%emt 00:06:44]} Ng5 {[%clk 01:10:24] [%emt 00:00:42]} Nf4 {[%clk
00:35:05] [%emt 00:02:23]} Rf5 {[%clk 01:07:32] [%emt 00:02:53]} Nd3 {[%clk
00:34:50] [%emt 00:00:15]} Rbf8 {[%clk 01:07:18] [%emt 00:00:15]} Rf4 {[%clk
00:30:35] [%emt 00:04:14]} Qd7 {[%clk 01:04:33] [%emt 00:02:45]} Raf1 {[%clk
00:29:23] [%emt 00:01:11]} Ne4 {[%clk 00:58:29] [%emt 00:06:05]} Qc1 {[%clk
00:24:12] [%emt 00:05:12]} Qe6 {[%clk 00:43:21] [%emt 00:15:09]} Qb2 {[%clk
00:19:15] [%emt 00:04:57]} Rxf4 {[%clk 00:39:48] [%emt 00:03:32]} exf4 {[%clk
00:18:54] [%emt 00:00:22]} g5 {[%clk 00:39:34] [%emt 00:00:14]} Qe2 {[%clk
00:15:13] [%emt 00:03:40]} gxf4 {[%clk 00:35:04] [%emt 00:04:31]} Qh5 {[%clk
00:11:06] [%emt 00:04:07]} Qf5 {[%clk 00:28:16] [%emt 00:06:48]} Qxf5 {[%clk
00:09:32] [%emt 00:01:34]} Rxf5 {[%clk 00:28:07] [%emt 00:00:08]} g4 {[%clk
00:06:18] [%emt 00:03:14]} Rf8 {[%clk 00:25:47] [%emt 00:02:20]} Rxf4 {[%clk
00:05:18] [%emt 00:00:59]} Ra8 {[%clk 00:24:16] [%emt 00:01:31]} h4 {[%clk
00:03:26] [%emt 00:01:52]} Nc3 {[%clk 00:20:48] [%emt 00:03:29]} Rf2 {[%clk
00:01:52] [%emt 00:01:34]} a5 {[%clk 00:20:42] [%emt 00:00:06]} bxa5 {[%clk
00:00:44] [%emt 00:01:09]} Rxa5 {[%clk 00:20:37] [%emt 00:00:06]} e6 {[%clk
00:00:30] [%emt 00:00:14]} Ra4 {[%clk 00:20:32] [%emt 00:00:04]} g5 {[%clk
00:00:13] [%emt 00:00:16]} Rd4 {[%clk 00:10:59] [%emt 00:09:34]} Rf3 {[%clk
00:30:32] [%emt 00:00:11]} Nxa2 {[%clk 00:31:01] [%emt 00:10:28]} Nf2 {[%clk
00:25:58] [%emt 00:05:04]} Rxh4 {[%clk 00:28:00] [%emt 00:03:31]} Rf7 {[%clk
00:24:18] [%emt 00:02:09]} Rh5 {[%clk 00:25:54] [%emt 00:02:36]} Rxe7 {[%clk
00:24:28] [%emt 00:00:20]} Rxg5+ {[%clk 00:26:19] [%emt 00:00:05]} Kh2 {[%clk
00:14:51] [%emt 00:10:06]} Kf8 {[%clk 00:24:02] [%emt 00:02:48]} Rxb7 {[%clk
00:12:03] [%emt 00:03:19]} Re5 {[%clk 00:23:56] [%emt 00:00:35]} Rxh7 {[%clk
00:12:20] [%emt 00:00:13]} Rxe6 {[%clk 00:24:19] [%emt 00:00:07]} Kg3 {[%clk
00:12:20] [%emt 00:00:29]} Nc1 {[%clk 00:22:35] [%emt 00:02:15]} Kf4 {[%clk
00:09:48] [%emt 00:03:02]} Ke8 {[%clk 00:13:22] [%emt 00:09:43]} Kf5 {[%clk
00:07:07] [%emt 00:03:10]} Re7 {[%clk 00:13:25] [%emt 00:00:26]} Rxe7+ {[%clk
00:03:48] [%emt 00:03:50]} Kxe7 {[%clk 00:13:38] [%emt 00:00:17]} Ke5 {[%clk
00:04:16] [%emt 00:00:02]} Kd7 {[%clk 00:13:59] [%emt 00:00:09]} Ng4 {[%clk
00:04:08] [%emt 00:00:37]} Ke7 {[%clk 00:11:08] [%emt 00:03:23]} Nf2 {[%clk
00:03:40] [%emt 00:00:58]} Ne2 {[%clk 00:09:32] [%emt 00:02:06]} Nd3 {[%clk
00:03:37] [%emt 00:00:33]} Kd7 {[%clk 00:09:42] [%emt 00:00:20]} Nb4 {[%clk
00:03:35] [%emt 00:00:32]} Nc3 {[%clk 00:10:06] [%emt 00:00:06]} Kd4 {[%clk
00:03:49] [%emt 00:00:16]} Nb5+ {[%clk 00:10:28] [%emt 00:00:08]} Ke5 {[%clk
00:04:15] [%emt 00:00:05]} Nc7 {[%clk 00:10:53] [%emt 00:00:05]} Kd4 {[%clk
00:04:21] [%emt 00:00:24]} Ne6+ {[%clk 00:11:12] [%emt 00:00:10]} Ke5 {[%clk
00:04:47] [%emt 00:00:04]} Nxc5 {[%clk 00:11:36] [%emt 00:00:06]} Nxd5 {[%clk
00:05:15] [%emt 00:00:02]} cxd5 {[%clk 00:12:00] [%emt 00:00:06]} Kxd5 {[%clk
00:05:43] [%emt 00:00:02]}

[Site "Europe Echecs"]

[Event "Tata Steel Masters"]
[Date "2026.01.31"]
[White "Erigaisi Arjun"]
[Black "Abdusattorov, Nodirbek"]
[WhiteElo "2775"]
[BlackElo "2751"]
[Round "13.13.4"]
[Result "0-1"]

e4 {[%clk 01:59:51] [%emt 00:00:07]} e5 {[%clk 01:59:16] [%emt 00:00:44]} Nf3
{[%clk 01:59:45] [%emt 00:00:06]} Nc6 {[%clk 01:59:04] [%emt 00:00:12]} Bc4
{[%clk 01:59:38] [%emt 00:00:07]} Bc5 {[%clk 01:58:59] [%emt 00:00:05]} b4
{[%clk 01:59:31] [%emt 00:00:07]} Bxb4 {[%clk 01:58:55] [%emt 00:00:05]} c3
{[%clk 01:59:24] [%emt 00:00:06]} Ba5 {[%clk 01:58:49] [%emt 00:00:06]} d4
{[%clk 01:57:59] [%emt 00:01:25]} d6 {[%clk 01:57:45] [%emt 00:01:05]} Qb3
{[%clk 01:57:29] [%emt 00:00:29]} Qd7 {[%clk 01:56:56] [%emt 00:00:49]} O-O
{[%clk 01:56:01] [%emt 00:01:29]} Bb6 {[%clk 01:55:02] [%emt 00:01:54]} Nbd2
{[%clk 01:55:43] [%emt 00:00:18]} Na5 {[%clk 01:44:51] [%emt 00:10:11]} Qc2
{[%clk 01:55:24] [%emt 00:00:19]} Nxc4 {[%clk 01:44:49] [%emt 00:00:02]} Nxc4
{[%clk 01:55:18] [%emt 00:00:06]} Qc6 {[%clk 01:44:48] [%emt 00:00:01]} Nxb6
{[%clk 01:55:09] [%emt 00:00:08]} axb6 {[%clk 01:44:45] [%emt 00:00:03]} dxe5
{[%clk 01:55:04] [%emt 00:00:05]} dxe5 {[%clk 01:44:39] [%emt 00:00:06]} Nxe5
{[%clk 01:54:58] [%emt 00:00:05]} Qe6 {[%clk 01:44:37] [%emt 00:00:03]} f4
{[%clk 01:52:35] [%emt 00:02:23]} Nf6 {[%clk 01:31:57] [%emt 00:12:40]} c4
{[%clk 01:40:32] [%emt 00:12:03]} O-O {[%clk 01:31:34] [%emt 00:00:22]} Bb2
{[%clk 01:23:07] [%emt 00:17:25]} Qe7 {[%clk 01:30:54] [%emt 00:00:39]} a4
{[%clk 01:22:25] [%emt 00:00:42]} Nd7 {[%clk 01:23:28] [%emt 00:07:26]} Nf3
{[%clk 01:11:26] [%emt 00:10:59]} f6 {[%clk 01:15:14] [%emt 00:08:14]} Rfe1
{[%clk 00:54:46] [%emt 00:16:40]} Nc5 {[%clk 01:12:17] [%emt 00:02:58]} e5
{[%clk 00:53:47] [%emt 00:00:59]} f5 {[%clk 01:10:05] [%emt 00:02:12]} Nd4
{[%clk 00:53:12] [%emt 00:00:35]} Ne6 {[%clk 01:04:55] [%emt 00:05:10]} Nxf5
{[%clk 00:48:00] [%emt 00:05:13]} Qf7 {[%clk 01:00:56] [%emt 00:03:52]} Ne3
{[%clk 00:38:51] [%emt 00:09:16]} Nxf4 {[%clk 01:00:28] [%emt 00:00:28]} Nd5
{[%clk 00:33:21] [%emt 00:05:30]} Be6 {[%clk 00:56:35] [%emt 00:03:53]} Nxf4
{[%clk 00:22:16] [%emt 00:11:05]} Qxf4 {[%clk 00:56:28] [%emt 00:00:07]} Rad1
{[%clk 00:22:11] [%emt 00:00:06]} Rad8 {[%clk 00:49:14] [%emt 00:07:14]} Rxd8
{[%clk 00:22:05] [%emt 00:00:06]} Rxd8 {[%clk 00:49:10] [%emt 00:00:05]} Bc1
{[%clk 00:22:02] [%emt 00:00:04]} Qh4 {[%clk 00:46:42] [%emt 00:02:27]} Re4
{[%clk 00:17:16] [%emt 00:04:46]} Qe7 {[%clk 00:44:12] [%emt 00:02:30]} Re3
{[%clk 00:16:45] [%emt 00:00:32]} Qc5 {[%clk 00:42:41] [%emt 00:01:30]} h3
{[%clk 00:15:42] [%emt 00:01:02]} Rd4 {[%clk 00:41:36] [%emt 00:01:04]} Ba3
{[%clk 00:13:20] [%emt 00:02:23]} Rd1+ {[%clk 00:41:00] [%emt 00:00:37]} Kf2
{[%clk 00:13:16] [%emt 00:00:04]} Rf1+ {[%clk 00:38:10] [%emt 00:02:49]} Kxf1
{[%clk 00:13:11] [%emt 00:00:05]} Qxe3 {[%clk 00:38:08] [%emt 00:00:02]} Bb2
{[%clk 00:12:58] [%emt 00:00:13]} Qc5 {[%clk 00:36:28] [%emt 00:01:41]} Ke2
{[%clk 00:12:53] [%emt 00:00:06]} Bxc4+ {[%clk 00:35:17] [%emt 00:01:11]} Kd2
{[%clk 00:12:48] [%emt 00:00:04]} Qf2+ {[%clk 00:32:28] [%emt 00:02:49]} Kc3
{[%clk 00:12:44] [%emt 00:00:05]} Qxc2+ {[%clk 00:32:25] [%emt 00:00:03]} Kxc2
{[%clk 00:43:09] [%emt 00:00:04]} Kf7 {[%clk 01:02:11] [%emt 00:00:44]} e6+
{[%clk 00:35:18] [%emt 00:08:22]} Kxe6 {[%clk 01:02:18] [%emt 00:00:23]} Bxg7
{[%clk 00:35:41] [%emt 00:00:06]} Bf1 {[%clk 01:02:24] [%emt 00:00:25]} g3
{[%clk 00:26:47] [%emt 00:09:24]} Bxh3 {[%clk 01:02:48] [%emt 00:00:06]} Kc3
{[%clk 00:26:18] [%emt 00:00:58]} Kd5 {[%clk 01:03:02] [%emt 00:00:17]} Kb4
{[%clk 00:25:54] [%emt 00:00:54]} Bf1 {[%clk 01:03:09] [%emt 00:00:22]} Bf6
{[%clk 00:23:05] [%emt 00:03:20]} c5+ {[%clk 01:03:34] [%emt 00:00:06]} Kb3
{[%clk 00:23:25] [%emt 00:00:09]} b5 {[%clk 01:03:43] [%emt 00:00:21]} axb5
{[%clk 00:23:30] [%emt 00:00:25]} Bxb5 {[%clk 01:04:10] [%emt 00:00:03]} Be7
{[%clk 00:23:33] [%emt 00:00:27]} Kc6 {[%clk 01:04:34] [%emt 00:00:05]} Bf6
{[%clk 00:23:29] [%emt 00:00:34]} Be2 {[%clk 01:05:00] [%emt 00:00:04]} Be7
{[%clk 00:23:06] [%emt 00:00:53]} b5 {[%clk 01:05:26] [%emt 00:00:04]} Bf6
{[%clk 00:23:12] [%emt 00:00:24]} b4 {[%clk 01:05:30] [%emt 00:00:26]} Ka4
{[%clk 00:23:24] [%emt 00:00:19]} Kb6 {[%clk 01:05:56] [%emt 00:00:05]} Bd8+
{[%clk 00:23:36] [%emt 00:00:17]} Ka6 {[%clk 01:06:23] [%emt 00:00:03]} Kb3
{[%clk 00:24:00] [%emt 00:00:06]} Bd3 {[%clk 01:06:29] [%emt 00:00:24]}

[Site "Europe Echecs"]